| 000 | 00534pam a2200205 i 4500 | ||
|---|---|---|---|
| 001 | 2678890 | ||
| 005 | 20180308034405.0 | ||
| 008 | 740926s1975 nyua 001 0 eng | ||
| 010 | _a 74022187 | ||
| 020 | _a0471095303 | ||
| 040 |
_aDLC _cDLC _dDLC |
||
| 041 | _aeng | ||
| 080 | _a540 JAM | ||
| 082 | 0 | 0 | _a540 JAM |
| 100 | 1 | _a12 | |
| 101 | _aKIM | ||
| 245 | 1 | 0 |
_aGeneral chemistry : _cJames E. Brady, Gerard E. Humiston. |
| 906 |
_a7 _bcbc _corignew _d1 _eocip _f19 _gy-gencatlg |
||
| 942 |
_2ddc _cBK |
||
| 999 |
_c44387 _d44387 |
||